00602nam a2200169Ia 450000500170000000800410001702000180005808200130007610000250008924500610011426000290017530000260020450000640023065000260029499900150032095200970033520250117103553.0250117s9999 xx 000 0 und d a9780821346006 a353.4KLI aKlitgaard, Robert E. 0aCorrupt citiesba practical guide to cure and prevention aOaklandbICS Pressc2000 axiii, 162 p. ; 23 cm. aIncludes bibliographical references (p. 151-156) and index. aMunicipal government. c2289d2289 00104070aU001bU001d2025-01-17l0o353.4KLIp002311r2025-01-31 00:00:00w2025-01-17yBK